[Event "RUS GP rap"]
[Site "Serpukhov"]
[Date "2018.02.23"]
[Round "1"]
[White "Kryakvin, Dmitry"]
[Black "Shornikov, Vyatcheslav"]
[Result "1-0"]
[WhiteElo "2567"]
[BlackElo "2021"]
[PlyCount "67"]
[EventDate "2018.02.23"]
[EventType "swiss (rapid)"]
[EventRounds "11"]
[EventCountry "RUS"]
[SourceTitle "CBM 183 Extra"]
[Source "ChessBase"]
[SourceDate "2018.04.19"]
[SourceVersion "1"]
[SourceVersionDate "2018.04.19"]
[SourceQuality "1"]

1. d4 d5 2. c4 c6 3. cxd5 cxd5 4. Bg5 Nc6 5. Nc3 Nf6 6. Bxf6 exf6 7. e3 a6 8. Rc1 Bb4 9. Nge2 Be6 10. g3 0-0 11. Bg2 Qd7 12. 0-0 Rfd8 13. Nf4 Bxc3 14. Rxc3 Rac8 15. Qd2 Ne7 16. Rfc1 Rxc3 17. Rxc3 Rc8 18. h4 h6 19. h5 Rxc3 20. Qxc3 Qc6 21. Qxc6 bxc6 22. f3 Kf8 23. Nd3 Nf5 24. Kf2 a5 25. Nc5 Nd6 26. Bf1 Bc8 27. Nb3 Nb7 28. a4 Ke7 29. Ba6 Kd6 30. Bxb7 Bxb7 31. Nxa5 Ba6 32. Nb3 Bc4 33. Nc5 Kc7 34. b3 1-0